Development of consumption, commercial production and marketing / (Record no. 828)

MARC details
000 -LEADER
fixed length control field 00486cam a2200157 a 4500
020 ## - INTERNATIONAL STANDARD BOOK NUMBER
ISBN 9988760000
050 00 - CALL NUMBER
Classification number HD9200.A2
Item number A6
100 1# - AUTHOR
Personal name Amoah, J. E. K.
245 10 - TITLE
Title Development of consumption, commercial production and marketing /
Statement of responsibility, etc J.E.K. Amoah.
260 ## - PUBLICATION INFORMATION
Place of publication Accra-North, Ghana :
Name of publisher Jemre Enterprises,
Year of publication c1995.
300 ## - DESCRIPTION
Number of Pages xi, 114 p. :
Other physical details ill. ;
Dimensions 23 cm.
440 #0 - SERIES
SERIES Cocoa outline series ;
650 #0 - SUBJECTS
Topical Term Cocoa trade
General subdivision History.
650 #0 - SUBJECTS
Topical Term Cocoa
General subdivision Marketing
-- History.
942 ## - ADDED ENTRY ELEMENTS (KOHA)
Koha item type Books
Holdings
Withdrawn status Lost status Home library Current library Date acquired Full call number Accession Number Koha item type
    Methodist University Library Wenchi Faculty Methodist University Library Wenchi Faculty 14/11/2017 HD9200.A2 A6 28726 Books
Copyright © 2026  MUG Library